| 000 | 01518cam a22003494a 4500 | ||
|---|---|---|---|
| 001 | 12266010 | ||
| 003 | OSt | ||
| 005 | 20240617114921.0 | ||
| 008 | 001226s2001 enka b 001 0 eng | ||
| 010 | _a 00069656 | ||
| 020 | _a0521011957 (pbk.) | ||
| 040 |
_aDLC _cmust _dDLC |
||
| 041 | 1 |
_aeng _hger |
|
| 042 | _apcc | ||
| 050 | 0 | 0 |
_aTA347.F5 _bB7313 2001 |
| 082 | 0 | 0 |
_a510 BRA 2001 _221 |
| 100 | 1 |
_aBraess, Dietrich, _d1938- _917338 |
|
| 240 | 1 | 0 |
_aFinite Elemente. _lEnglish |
| 245 | 1 | 0 |
_aFinite elements : _btheory, fast solvers, and applications in solid mechanics / _cDietrich Braess ; translated by Larry L. Shumaker. |
| 250 | _a2nd ed. | ||
| 260 |
_aCambridge ; _aNew York : _bCambridge University Press, _c2001. |
||
| 300 |
_axvii, 352 p. : _bill. ; _c23 cm. |
||
| 504 | _aIncludes bibliographical references (p. 337-347) and index. | ||
| 650 | 0 |
_aFinite element method. _93005 |
|
| 650 | 0 |
_aElasticity _xMathematical models. _917339 |
|
| 856 | 4 | 2 |
_3Publisher description _uhttp://www.loc.gov/catdir/description/cam021/00069656.html |
| 856 | 4 | 1 |
_3Table of contents _uhttp://www.loc.gov/catdir/toc/cam026/00069656.html |
| 856 | 4 | 2 |
_3Contributor biographical information _uhttp://www.loc.gov/catdir/enhancements/fy0731/00069656-b.html |
| 906 |
_a7 _bcbc _corignew _d1 _eocip _f20 _gy-gencatlg |
||
| 942 |
_2ddc _cO_SHELF |
||
| 999 |
_c8538 _d8538 |
||